Responses for show #7011 - Monday, February 23, 2015

Contestants

Britt Harter, an enviromental sustainability consultant from Dorchester, Massachusetts

Gemma Kaneko, a baseball writer originally from Rochester Hills, Michigan

Dava-Leigh Brush, a stay-at-home mom from Arnold, Missouri (whose 1-day cash winnings total $1,500)

Jeopardy! Round responses

HARLEQUIN ROMANCE NOVEL TITLES 2014
THE SHAPE OF THINGS
FOREIGN WORDS IN SONG TITLES
3 M
THE STATE OF WASHINGTON
HUSKIES & COUGARS
    $200 16
a prince

Dava-Leigh
    $200 15
cubes

Gemma
    $200 4
amore

Britt
    $200 14
commandments

Gemma
    $200 11
UPS

Dava-Leigh
    $200 1
eskimo

Britt
    $400 27
(Britt: Who is Prince Charming?)

Mr. Right

Britt
Triple Stumper
    $400 22
tomahawk

Triple Stumper
    $400 5
(Gemma: What is "La vie"?)

(Gemma was ruled correct during the interview segment)

C'est la Vie

Dava-LeighGemma
    $400 17
a mummy

Dava-Leigh
    $400 12
Mount Rainier

Dava-Leigh
    $400 2
a mountain lion

Dava-Leigh
    $600 28
a millionaire

Gemma
    $600 23
a cone

Dava-Leigh
    $600 6
Diablo

Dava-Leigh
    $600 18
(Dava-Leigh: What is a marmoset?)
(Gemma: What is a mammoth?)
(Britt: What is a mastodon?)

a mammal

Dava-LeighGemmaBritt
Triple Stumper
    $600 13
(Gemma: What is a tornado?)

mudslide

GemmaBritt
    $600 3
eyes

Gemma
    $600 29
[The end-of-round signal sounds.]

Married

Gemma
    $800 24
a teardrop

Britt
    $800 7
Oye Como Va

Britt
    $800 20
commemorate

Britt
    $800 19
Walla Walla

Britt
    $800 9
John Mellencamp

Gemma
    $1000 26
an eagle

Britt
    $1000 8
Der Kommissar

Britt
    $1000 21
momentum

Britt
    $1000 25
(Alex: That was [*]. We've got less than a minute to go now.)

the 707

Triple Stumper
    $1000 10
an ambush

Britt

Scores at the first commercial break (after clue 15):

Dava-Leigh Gemma Britt
$2,000 $1,600 $3,800

Scores at the end of the Jeopardy! Round:

Dava-Leigh Gemma Britt
$2,600 $2,200 $7,200

Double Jeopardy! Round responses

PAPER OR PLASTIC?
BODIES OF WATER
DURING THE REIGN OF QUEEN ELIZABETH I
17-LETTER WORDS
A "LITTLE" LITERATURE
MOVIE CHARCTER MASHUPS
(Alex:In this category, we've taken the first name of one charcter in a motion picture, combined it with the last name of a second charcter, but both of them have been played by the same actor or actress. You have to come up with that individual.)
    $400 13
origami

Britt
    $400 12
(Gemma: What is Brazil?)

Argentina

GemmaBritt
    $400 11
tulips

Dava-Leigh
    $400 18
industrialization

Britt
    $400 1
(Gemma: What is "Jo's Boys?)

Little Men

Dava-LeighGemma
    $400 6
Johnny Depp

Dava-Leigh
    $800 14
Dixie Cups

Britt
    $800 21
the Arctic Ocean

Britt
    $800 24
(Britt: What is Cambridge?)

Oxford

Dava-LeighBritt
    $800 19
(Dava-Leigh: What's a teleconference?)
(Gemma: What is a videoconference?)
(Britt: What's a videocall?)

videoconferencing

Dava-LeighGemmaBritt
Triple Stumper
    $800 2
Pretty Little Liars

Triple Stumper
    $800 7
Leonardo DiCaprio

Dava-Leigh
    $1200 15
"Blurred Lines"

Triple Stumper
    $1200 22
(Gemma: What is the Tasmanian Sea?)

the Coral Sea

Gemma
Triple Stumper
    $1200 25
(Gemma: Who is Magellan?)

(end-of-round-signal sounds)

Sir Francis Drake

Gemma
Triple Stumper
    $1200 20
(Britt: What is independent?)

interdisciplinary

Britt
Triple Stumper
    $1200 3
(Britt: What is "The Little Prince"?)

Little Lord Fauntleroy

GemmaBritt
    $1200 8
Jodie Foster

Dava-Leigh
    $1600 16
Shrinky Dinks

Gemma
    $2,000 23
(Alex: We've got less than a minute to go now.)

the Po

Britt
    $1600 4
Little Dorrit

Gemma
    $1600 9
Anne Hathaway

Gemma
    $2000 17
Bakelite

Britt
    $2,000 5
(Gemma: What is "A Little Piece of Heaven"?)

God's Little Acre

Gemma
    $2000 10
Renée Zellweger

Gemma

Scores at the end of the Double Jeopardy! Round:

Dava-Leigh Gemma Britt
$5,800 $4,200 $10,000

[wagering suggestions for these scores]

Final Jeopardy! Round responses

2014 EVENTS
GemmaWhat is Whiskey Festval?
$4,200
Dava-LeighWhat is the World Cup?
$4,201
BrittWhat is Wimbledon?
$1,601
the World Cup

Final scores:

Dava-Leigh Gemma Britt
$10,001 $0 $8,399
2-day champion: $11,501 3rd place: $1,000 2nd place: $2,000

Game dynamics:

Coryat scores:

Dava-Leigh Gemma Britt
$5,800 $6,400 $9,600
14 R,
2 W
12 R
(including 1 DD),
8 W
(including 1 DD)
18 R
(including 1 DD),
6 W

Combined Coryat: $21,800

The J! Archive is created by fans, for fans. The Jeopardy! game show and all elements thereof, including but not limited to copyright and trademark thereto, are the property of Jeopardy Productions, Inc. and are protected under law. This website is not affiliated with, sponsored by, or operated by Jeopardy Productions, Inc. Join the discussion at JBoard.tv.